Social work and mental health
This book provides an authoritative overview of mental health theory, policy and practice. Exploring the complex moral and ethical dimensions underpinning the field, the book engages with the key issues encountered by practitioners working in the modern mental health system. Using real world scenari...
Enregistré dans:
| Auteur principal: | |
|---|---|
| Format: | Livre |
| Langue: | Undetermined |
| Publié: |
Thousand Oaks, CA
Thousand Oaks, CA
2014
|
| Sujets: | |
| Accès en ligne: | http://lrc.tdmu.edu.vn/opac/search/detail.asp?aID=2&ID=24740 |
| Tags: |
Ajouter un tag
Pas de tags, Soyez le premier à ajouter un tag!
|
| Thư viện lưu trữ: | Trung tâm Học liệu Trường Đại học Thủ Dầu Một |
|---|
| LEADER | 01099nam a2200205Ia 4500 | ||
|---|---|---|---|
| 001 | TDMU_24740 | ||
| 008 | 210410s9999 xx 000 0 und d | ||
| 082 | |a 362.20425 | ||
| 090 | |b G428 | ||
| 100 | |a Golightley, Malcolm | ||
| 245 | 0 | |a Social work and mental health | |
| 245 | 0 | |c Malcolm Golightley | |
| 260 | |a Thousand Oaks, CA | ||
| 260 | |b Thousand Oaks, CA | ||
| 260 | |c 2014 | ||
| 300 | |a 240pages | ||
| 520 | |a This book provides an authoritative overview of mental health theory, policy and practice. Exploring the complex moral and ethical dimensions underpinning the field, the book engages with the key issues encountered by practitioners working in the modern mental health system. Using real world scenarios, case studies, and reflective exercises, it asks students to critically examine the world of mental health practice from the perspective of users of mental health services and their carers | ||
| 650 | |a Social word |x Mental health | ||
| 856 | |u http://lrc.tdmu.edu.vn/opac/search/detail.asp?aID=2&ID=24740 | ||
| 980 | |a Trung tâm Học liệu Trường Đại học Thủ Dầu Một | ||